Encyclopedia of India (Record no. 89409)

MARC details
000 -LEADER
fixed length control field 00965nam a22002417a 4500
005 - DATE AND TIME OF LATEST TRANSACTION
control field 20141017161532.0
007 - PHYSICAL DESCRIPTION FIXED FIELD--GENERAL INFORMATION
fixed length control field CD
008 - FIXED-LENGTH DATA ELEMENTS--GENERAL INFORMATION
fixed length control field 141017b xxu||||| |||| 00| 0 eng d
010 ## - LIBRARY OF CONGRESS CONTROL NUMBER
LC control number DVD-008307
024 ## - OTHER STANDARD IDENTIFIER
Standard number or code 9781593392239
Terms of availability 495.00
040 ## - CATALOGING SOURCE
Original cataloging agency DPL
082 ## - DEWEY DECIMAL CLASSIFICATION NUMBER
Classification number CD
245 ## - TITLE STATEMENT
Title Encyclopedia of India
Statement of responsibility, etc Encyclopedia Britannica
Medium CD-ROM
260 ## - PUBLICATION, DISTRIBUTION, ETC. (IMPRINT)
Place of publication, distribution, etc Delhi
Date of publication, distribution, etc 2013
270 ## - ADDRESS
Address A-41,Ground Floor(L-2) Mohan Cooperative Ind.Estate,Main Mathura Road
City N.Delhi
Country India
300 ## - PHYSICAL DESCRIPTION
Other physical details 1disc
440 ## - SERIES STATEMENT/ADDED ENTRY--TITLE
Title Encycopedia of India:Comprehensive coverage of India into the 21st century
500 ## - GENERAL NOTE
General note Over 1400 photos and graphics provide visual reinforcement of the topics
538 ## - SYSTEM DETAILS NOTE
System details note system Requirement P-III 512 MB RAM CD ROM drive
650 ## - SUBJECT ADDED ENTRY--TOPICAL TERM
Source of heading or term Encyclopedia
942 ## - ADDED ENTRY ELEMENTS (KOHA)
Source of classification or shelving scheme Dewey Decimal Classification
Item type CD-ROMs, DVDs, VHS
Call number suffix BRI
Holdings
Withdrawn status Lost status Source of classification or shelving scheme Damaged status Not for loan Home library Current library Date acquired Source of acquisition Cost, normal purchase price Total Checkouts Full call number Barcode Date last seen Copy number Cost, replacement price Price effective from Koha item type
    Dewey Decimal Classification     Central Library Central Library 21/01/2015 BRITANNICA 495.00   BRI DVD-008307 21/01/2015 1 495.00 21/01/2015 CD-ROMs, DVDs, VHS

© Delhi Public Library
Hit Counter
free hit counter